Gaming Quiz

Random Gaming or Video Games Quiz
Score 0/96 Timer 13:00
7 Plays Today
Trio Members % Correct
Legendary birds in Pokémon Red/BlueZapdos
70.2%
Legendary birds in Pokémon Red/BlueArticuno
69.5%
Legendary birds in Pokémon Red/BlueMoltres
68.5%
Characters from the Kirby series that are playable in Super Smash Bros. BrawlKirby
65.2%
Characters from the Kirby series that are playable in Super Smash Bros. BrawlKing Dedede
50.7%
Characters from the Kirby series that are playable in Super Smash Bros. BrawlMeta Knight
49.7%
Support Classes in Team Fortress 2Medic
47.2%
Support Classes in Team Fortress 2Spy
39.6%
Bosses in Metroid (NES)Ridley
35.2%
Support Classes in Team Fortress 2Sniper
34.7%
Protagonists in Uncharted: Drake's FortuneNathan Drake
33.6%
Sons of Big Boss (Metal Gear series)Solid Snake
31.7%
Bosses in Metroid (NES)Mother Brain
31.5%
Golden Godesses (Legend of Zelda series)Din
31%
Sons of Big Boss (Metal Gear series)Liquid Snake
30.7%
Golden Godesses (Legend of Zelda series)Nayru
27.8%
Green Earth COs in Advance Wars 2Drake
25.3%
Golden Godesses (Legend of Zelda series)Farore
24%
Special infected introduced in Left 4 Dead 2Spitter
23%
Minor Circuit opponents in Mike Tyson's Punch-Out!!Glass Joe
22.9%
Special infected introduced in Left 4 Dead 2Jockey
21.3%
Bosses in Metroid (NES)Kraid
21.2%
Special infected introduced in Left 4 Dead 2Charger
19.8%
Sons of Big Boss (Metal Gear series)Solidus Snake
18.4%
Squad Members in Mass Effect but not Mass Effect 2Ashley Williams
17.8%
Prosecutors in Phoenix Wright: Ace Attorney: Justice for AllMiles Edgeworth
16.7%
Team Chaotix (Sonic Heroes)Vector the Crocodile
16.5%
Squad Members in Mass Effect but not Mass Effect 2Urdnot Wrex
16.2%
Lords in Fire Emblem (GBA)Lyndis
15.9%
Team Chaotix (Sonic Heroes)Charmy Bee
15.7%
Team Chaotix (Sonic Heroes)Espio the Chameleon
15.6%
Robot masters whose names begin with 'W' (Mega Man series)Wood Man
15.4%
Trio Members % Correct
Lords in Fire Emblem (GBA)Hector
15%
Robot masters whose names begin with 'W' (Mega Man series)Wind Man
14.6%
Lords in Fire Emblem (GBA)Eliwood
14%
Bosses in the Koopa Clown Car in I Wanna Be The GuyBowser
13.7%
Playable characters in BattletoadsPimple
13.6%
American characters in Tekken (PS1)Paul Phoenix
13%
Sword-wielding party members in Tales of SymphoniaLloyd Irving
12.9%
Final bosses of the Playstation Spyro gamesRipto
12.9%
Playable characters in BattletoadsRash
12.8%
Protagonists in Uncharted: Drake's FortuneVictor Sullivan
12.1%
Playable monsters in RampageLizzie
12%
Prosecutors in Phoenix Wright: Ace Attorney: Justice for AllFranziska Von Karma
11.6%
Playable characters in BattletoadsZitz
11.5%
Squad Members in Mass Effect but not Mass Effect 2Kaidan Alenko
11.5%
Playable characters in Final FightMike Haggar
11.4%
Sword-wielding party members in Tales of SymphoniaKratos Aurion
11.2%
Magus's three generals (Chrono Trigger)Flea
10.6%
Bosses in the Koopa Clown Car in I Wanna Be The GuyDr. Wily
10.5%
Minor Circuit opponents in Mike Tyson's Punch-Out!!Piston Honda
10.1%
Playable monsters in RampageGeorge
10.1%
Playable characters in Final FightGuy
9.9%
Magus's three generals (Chrono Trigger)Ozzie
9.9%
Magus's three generals (Chrono Trigger)Slash
9.7%
Playable characters in Final FightCody Travers
9.5%
Personas with 'Frost' in their names (Persona 3)Jack Frost
9.3%
Protagonists in Uncharted: Drake's FortuneElena Fisher
9.2%
Playable monsters in RampageRalph
9.1%
Minor Circuit opponents in Mike Tyson's Punch-Out!!Von Kaiser
8.9%
Sword-wielding party members in Tales of SymphoniaZelos Wilder
8.6%
Female pilots in F-Zero XJody Summer
8.5%
Bosses in the Koopa Clown Car in I Wanna Be The GuyWart
8.4%
Korean characters in Soul Calibur IIISeong Mi-na
8.2%
Trio Members % Correct
Prosecutors in Phoenix Wright: Ace Attorney: Justice for AllWinston Payne
8%
Fatal Fury Team (The King of Fighters '94)Terry Bogard
7.7%
Final bosses of the Playstation Spyro gamesGnasty Gnorc
7.5%
Robot masters whose names begin with 'W' (Mega Man series)Wave Man
7.4%
Playable characters in Streets of RageAxel Stone
7.2%
Fatal Fury Team (The King of Fighters '94)Joe Higashi
6.8%
Green Earth COs in Advance Wars 2Eagle
6.8%
American characters in Tekken (PS1)Marshall Law
6.3%
Playable characters in Streets of RageBlaze Fielding
6.3%
Street Fighter III characters reintroduced in Super Street Fighter IVDudley
6.2%
Fatal Fury Team (The King of Fighters '94)Andy Bogard
6%
Skies of Arcadia characters with cameos in Valkyria ChroniclesVyse
5.7%
Street Fighter III characters reintroduced in Super Street Fighter IVIbuki
5.4%
Green Earth COs in Advance Wars 2Jess
5.1%
Personas with 'Frost' in their names (Persona 3)King Frost
5.1%
Korean characters in Soul Calibur IIIHong Yun-seong
5.1%
Street Fighter III characters reintroduced in Super Street Fighter IVMakoto
4.9%
Valkyrie sisters from Valkyrie ProfileLenneth
4.7%
Final bosses of the Playstation Spyro gamesThe Sorceress
4.6%
Personas with 'Frost' in their names (Persona 3)Black Frost
4.5%
American characters in Tekken (PS1)Michelle Chang
3.7%
Skies of Arcadia characters with cameos in Valkyria ChroniclesAika
3.6%
Female pilots in F-Zero XKate Alen
3.6%
Playable characters in Streets of RageAdam Hunter
3.5%
Playable characters in Touhou: Perfect Cherry BlossomMarisa Kirisame
3.5%
Playable characters in Touhou: Perfect Cherry BlossomReimu Hakurei
3.4%
Korean characters in Soul Calibur IIIHwang Seong-gyeong
3.3%
Skies of Arcadia characters with cameos in Valkyria ChroniclesFina
3%
Valkyrie sisters from Valkyrie ProfileSilmeria
2.9%
Female pilots in F-Zero XMrs. Arrow
2.9%
Playable characters in Touhou: Perfect Cherry BlossomSakuya Izayoi
2.4%
Valkyrie sisters from Valkyrie ProfileHrist
2.1%
Remove Ads.
Support Sporcle.
Get the best of Sporcle when you Go Orange. This ad-free experience offers more features, more stats, and more fun while also helping to support Sporcle. Thank you for becoming a member.

You're not logged in!

Compare scores with friends on all Sporcle quizzes.
OR
Log In

Show Comments

Extras

Top Quizzes Today


Score Distribution

Your Account Isn't Verified!

In order to create a playlist on Sporcle, you need to verify the email address you used during registration. Go to your Sporcle Settings to finish the process.

Report this User

Report this user for behavior that violates our Community Guidelines.

Details: